Estudios de casos /
Se plantean algunos problemas teóricos de la investigación a través del estudio de casos, y las estrategias para ayudar a reforzar la fiabilidad y validez de esta metodología. Se plantea una reflexión sobre la forma de investigar en las ciencias sociales y el encaje de los estudios de caso en la pro...
שמור ב:
| מחבר ראשי: | |
|---|---|
| פורמט: | Texto |
| שפה: | Spanish |
| יצא לאור: |
Madrid :
Centro de Investigaciones Sociológicas,
2000
|
| סדרה: | Cuadernos Metodológicos / CIS
30 |
| נושאים: | |
| תגים: |
הוספת תג
אין תגיות, היה/י הראשונ/ה לתייג את הרשומה!
|
MARC
| LEADER | 00000 a a2200000 04500 | ||
|---|---|---|---|
| 001 | 33835 | ||
| 003 | cru CIDCACS/IIS | ||
| 005 | 20230510163902.0 | ||
| 008 | 230306e2000 sp ||||| |||| 00| 0 spa d | ||
| 020 | |a 84-7476-387-8 | ||
| 022 | |a 84-7476-387-8 | ||
| 040 | |c cru IIS |d cru IIS | ||
| 090 | |a 18.04.01 C697e | ||
| 100 | |a Coller, Xavier | ||
| 245 | |a Estudios de casos / |c Xavier Coller | ||
| 260 | |a Madrid : |b Centro de Investigaciones Sociológicas, |c 2000 | ||
| 300 | |a 140 p. | ||
| 440 | |9 10956 |a Cuadernos Metodológicos / CIS |v 30 | ||
| 500 | |a El ejemplar 08045 es una fotocopia | ||
| 520 | |a Se plantean algunos problemas teóricos de la investigación a través del estudio de casos, y las estrategias para ayudar a reforzar la fiabilidad y validez de esta metodología. Se plantea una reflexión sobre la forma de investigar en las ciencias sociales y el encaje de los estudios de caso en la producción de conocimiento, se traza una historia breve de la rivalidad entre los métodos cuantitativos y cualitativos, se realiza una clasificación exhaustiva de los tipos de caso diferentes que se pueden construir, se abordan las críticas más frecuentes a esta metodología y estrategias para combatirlas, y se completa el texto con tres ejemplos prácticos de investigaciones que utilizan estudios de casos. | ||
| 590 | |a EFU/AGOSTO2011 | ||
| 650 | |a ESTUDIOS DE CASOS | ||
| 650 | |a INVESTIGACION SOCIAL | ||
| 650 | |a METODOLOGIA | ||
| 650 | |a CIENCIAS SOCIALES | ||
| 650 | |a TEORIA | ||
| 942 | |2 ddc |c LI | ||
| 999 | |c 9511 |d 9511 | ||



